Dr. S. R. Lasker Library Online Catalogue

Home      Library Home      Institutional Repository      E-Resources      MyAthens      EWU Home

Normal view MARC view

Entry Personal Name

Number of records used in: 1

001 - CONTROL NUMBER

  • control field: 8715

003 - CONTROL NUMBER IDENTIFIER

  • control field: BD-DhEWU

005 - DATE AND TIME OF LATEST TRANSACTION

  • control field: 20140518123604.0

008 - FIXED-LENGTH DATA ELEMENTS

  • fixed length control field: 140518|| aca||aabn | a|a d

040 ## - CATALOGING SOURCE

  • Original cataloging agency: BD-DhEWU
  • Transcribing agency: BD-DhEWU

100 ## - HEADING--PERSONAL NAME

  • Personal name: Chen, Francis F.,
  • Dates associated with a name: 1929-
  • Title of a work: Introduction to plasma physics.

670 ## - SOURCE DATA FOUND

  • Source citation: Work cat.: (BD-DhEWU)5484: Chen, Francis F., 1929- 8713, Introduction to plasma physics and controlled fusion /, c1984